000 00463nam a2200169Ia 4500
008 151213s9999 xx 000 0 und d
020 _a0-582-55379-2
100 _aMalcolm Coulthand
245 _aAn Introduction To Discourse Analysis
_cMalcolm Coulthand
250 _a1st
260 _aLondon / New York
_bLongman - Group
_c1977 / 1985
300 _a9083 p.
650 _aEnglish
650 _aEnglish (Nots)
700 _aMalcolm Coulthand
999 _c4700
_d4700